000 00535nam a2200181Ia 4500
005 20250423094956.0
008 250422s9999 xx 000 0 und d
020 _a981398606142
050 _aHD 3038. C93/
100 _aEdited by Larry Clinton & ISA President
245 0 _aCybersecurity for business organization-wide strategies to ensure
260 _aUSA
260 _bInc.
260 _c2022
300 _a243 p
650 _aBusiness enterprises--Computer networks--Security measures. Computer security.
942 _cBK
999 _c28859
_d28859